1676 1228 1874 1647 1664 1503 1455 1293 1334 1968 1668 1685 1447 1311 1043 1623 1841 1761 1940 1631 1721 1500 1443 1645 1679 1265 1971 1227 1600 1989 1076 1362 1464 1631 1531 1006 1396 1426 1300 1617 1684 1325 1832 1072 1090 1074 1673 1084 1560 1540 1978 1342 1052 1212 1841 1331 1711 1179 1209 1975 1313 1467 1486 1122 1267 1137 1208 1618 1248 1614 1660 1614 1602 1915 1045 1110 1938 1344 1128 1469 1128 1640 1086 1599 1089 1424 1158 1121 1833 1571 1925 1236 1259 1285 1047 1783 1361 1514 1681 BCNSPRNW ULIB Ver.6.0+V

เปลี่ยนเป็นภาษาไทย

Change to English
 แสดงรายละเอียดบรรณานุกรม
  กลับหน้าหลัก

Brief Record : Get Marc (ISO 2709) : E-mail record : QR code < ปิดหน้าต่าง
LEADER : 00000nam 2200000uu 4500
001    13399110087
003     ULIB
008    110421s2553||||th 000 0 tha d
020    9789747018257
050  4 BF698.35.E54^bล266ป ล.2 2553
100 1  ลาพิด-บ๊อกดา, จินจอร์
245 10 ปั้นคน ให้เก่งคน^n2 :^bBringing out the best in yourselfat work : how to use the enneagram system for sucess /^cโดย จินจอร์ ลาพิด บ๊อกดา ; วาจาสิทธิ์ ลอเสรีวานิช, แปล
246 31 Bringing out the best in yourself at work :^bhow to usethe enneagram system for sucess
250    พิมพ์ครั้งที่ 3
260    กรุงเทพฯ :^bสยามเอ็นเนียแกรม คอนซัลติ้ง,^c2553
300    176 หน้า ;^c22 ซม.
650  7 การบริหารงานบุคคล
650  7 นพลักษณ์
650  7 การจำแนกประเภทบุคคล (จิตวิทยา)
650  7 คุณภาพชีวิตการทำงาน
650  7 สัจจการแห่งตน
650  7 การจัดการองค์การ
700 0  วาจาสิทธิ์ ลอเสรีวานิช,^eแปล
700 12  Lapid-Bogda, Ginger.^tBringing out the best in yourselfat work :^bhow to use the enneagram system for sucess
945    ^p165^l0^i18161
995    เกษร
999 ^a ใช้งานได้ทุกระบบ
รายการนี้ยังไม่มีแท็ก
คุณยังไม่ได้ล็อกอิน คุณสามารถมีกิจกรรมร่วมกับเว็บไซต์ได้ แต่ต้องล็อกอินก่อน ::
  ล็อกอิน

รายการสื่อสารสนเทศ

ลำดับที่ ประเภท เลขเรียก/บาร์โค้ด สถานที่ สถานะ
1. วิทยาศาสตร์การแพทย์ และสุขภาพ
วิทยาศาสตร์การแพทย์ และสุขภาพ
BF698.35.E54 ล266ป ล.2 2553 ฉ.1 
  Barcode: 18161
ห้องสมุดวิทยาเขตสวรรค์ประชารักษ์
►หนังสือทั่วไป
บนชั้น

รายการใกล้เคียง
    หัวเรื่อง [การบริหารงานบุคคล]
    หัวเรื่อง [นพลักษณ์]
    หัวเรื่อง [การจำแนกประเภทบุคคล (จิตวิทยา)]
    หัวเรื่อง [คุณภาพชีวิตการทำงาน]
    หัวเรื่อง [สัจจการแห่งตน]
    หัวเรื่อง [การจัดการองค์การ]

BibComment


ยังไม่เคยถูกคอมเมนท์

คอมเมนท์ทรัพยากรรายการนี้
  คอมเมนท์: ปั้นคน ให้เก่งคน ..


 Copyright 2026. Bcnsprnw @Library